00000000nam 2200000zi 4500
0019.947409
003CaOODSP
00520250129101906
006m     o  d f      
007cr cn|||||||||
008250127t20042004qucbd   ob   f000 0 fre d
020 |z0662759877|qversion papier
020 |z0662759893|qversion pdf
020 |z0662759885|qversion cédérom
040 |aCaOODSP|bfre|erda|cCaOODSP
043 |an-cn---|an-us---
0861 |aEn57-52/131F-PDF|zEn154-22/2004F|zEn154-22/2004F-PDF|zEn154-22/2004F-MRC
1001 |aMorin, Alexandre, |eauteur.
24510|aBerges du fleuve Saint-Laurent de Cornwall à Trois-Rivières : |bprofils actuels et reculs historiques des talus / |cAlexandre Morin, Nicolas Roy, Bernard Doyon et Étienne Dallaire.
264 1|aSainte-Foy : |bEnvironnement Canada, |c2004.
264 4|c©2004
300 |a1 ressource en ligne (vii, 53 pages) : |bcartes, graphiques.
336 |atexte|btxt|2rdacontent/fre
337 |ainformatique|bc|2rdamedia/fre
338 |aressource en ligne|bcr|2rdacarrier/fre
4901 |aRapport technique SMC Québec - Section hydrologie ; |vRT-131
500 |a« Février 2004. »
500 |aTitre de la couverture.
500 |aLe numéro de catalogue (En154-22/2004F-PDF) et ISBN (0662759893) imprimés dans cette publication sont incorrects.
500 |aÉdition numérisée de l'imprimé [par Environnement et changement climatique Canada].
500 |a« Préparé pour le Groupe de travail technique sur les processus littoraux du Groupe d'étude international sur le lac Ontario et le fleuve Saint-Laurent (Commission Mixte Internationale). »
504 |aComprend des références bibliographiques (page 48).
520 |a« On trouvera dans ce document un compte-rendu des activités menées au cours de l'été et de l'automne 2003 au Service météorologique du Canada, Région du Québec, Section Hydrologie (SMC Québec - Hydrologie) dans le cadre du projet d'étude piloté par le Groupe d'étude internationale sur le lac Ontario et le fleuve Saint-Laurent (LOFSL). Les activités réalisées au cours de cette période portent essentiellement sur la production massive de profils numériques de berge ainsi que l'intégration dans l'entrepôt de données des nouveaux jeux de données recueilles pour soutenir l'effort de modélisation en cours » -- Introduction, page [1].
650 6|aZones riveraines|zSaint-Laurent (Fleuve)|xGestion.
650 6|aPentes et versants (Géographie physique)|zSaint-Laurent (Fleuve)
650 0|aRiparian areas|zSaint Lawrence River|xManagement.
650 0|aSlopes (Physical geography)|zSaint Lawrence River.
7102 |aService météorologique du Canada. |bRégion du Québec. |bSection hydrologie‏, |eorganisme de publication.
830#0|aRapport technique SMC - Section hydrologie ;|vRT-131.|w(CaOODSP)9.920057
85640|qPDF|s3.67 Mo|uhttps://publications.gc.ca/collections/collection_2025/eccc/en57/En57-52-131-fra.pdf